000 00967cam a22002651 4500
001 l 56000121
003 DLC
005 20260227111544.0
008 850528s1956 dcua b f000 0 eng c
010 _al 56000121
035 _a(OCoLC)12086030
040 _aU.S. Dept. of Labor. Library
_cAU
_dOCoLC
_dDLC
042 _apremarc
050 0 0 _aHD8051
_b.A62 no. 1191
110 1 _aUnited States.
_bBureau of Labor Statistics.
245 1 4 _aThe status of labor in Puerto Rico, Alaska [and] Hawaii.
260 _aWashington,
_bU.S. Govt. Print. Off.,
_c1956.
300 _aviii, 99 p.
_billus.
_c26 cm.
410 1 0 _aUnited States.
_bBureau of Labor Statistics.
_tBulletin
_vno. 1191
500 _a"Reprint from the Monthly labor review, December 1955."
504 _a"Bibliography on labor conditions, labor problems, labor economics [by] Margarete McBride": p. 94-99.
650 0 _aLabor
_zPuerto Rico.
650 0 _aLabor
_zAlaska.
650 0 _aLabor
_zHawaii.
999 _c36917
_d36917